000 00764nam a22002292 4500
001 0000000847
005 20151217161129.0
008 070221s xx 000 0 eng d
020 _a0567085716 :
_cKES 15,500
040 _aKABU
_cKABU
050 0 _aBS2302
_b.M68 2002
100 1 _aMoulton, William F.
_@0000149226
245 1 0 _aMoulton and Geden concordance to the Greek New Testament /
_cW. F. Moulton, Alfred S. Geden.
250 _a6th ed. /
_bed. by I. Howard Marshall.
260 _aLondon :
_bT & T Clark,
_c2002.
300 _axxi, 1121 p.
630 0 0 _aBible. N.T.
_lGreek.
_vConcordance.
_@0000149227
700 1 _aGeden, Alfred S.
_@0000149228
908 _a070221
950 _@1
999 _c14867
_d14867